[Event "Walsrode Chessemy op-A"]
[Site "Walsrode"]
[Date "2023.03.12"]
[Round "9"]
[White "Hopson, Kevin Mike"]
[Black "Hald Falkesgaard, Jeppe"]
[Result "1/2-1/2"]
[WhiteElo "1940"]
[BlackElo "2124"]
[PlyCount "71"]
[EventDate "2023.03.04"]
[EventType "swiss"]
[EventRounds "9"]
[EventCountry "GER"]
[SourceTitle "CBM 213 Extra"]
[Source "ChessBase"]
[SourceDate "2023.05.31"]
[SourceVersion "1"]
[SourceVersionDate "2023.05.31"]
[SourceQuality "1"]

1. e4 c5 2. Nf3 e6 3. d4 cxd4 4. Nxd4 Nc6 5. Nc3 Qc7 6. Be3 a6 7. g4 b5 8. Nxc6 Qxc6 9. Qd2 Bb7 10. 0-0-0 Nf6 11. f3 d5 12. e5 Nd7 13. f4 Rc8 14. Rg1 Nb6 15. Bd3 Bb4 16. Qf2 Nc4 17. Bxc4 Qxc4 18. Rd4 Qc5 19. Rd3 Qc7 20. f5 Bc5 21. Bxc5 Qxc5 22. Qxc5 Rxc5 23. Ne2 0-0 24. Nd4 Re8 25. fxe6 fxe6 26. g5 Re7 27. g6 Rc8 28. gxh7+ Kh8 29. Rg6 Rce8 30. h4 Bc8 31. Rf3 Kxh7 32. Rg4 Bd7 33. Rgf4 Kg8 34. Kd2 Rc8 35. Ra3 Ra8 36. Rc3 1/2-1/2

[Event "Walsrode Chessemy op-A"]
[Site "Walsrode"]
[Date "2023.03.08"]
[Round "5"]
[White "Hopson, Kevin Mike"]
[Black "Ramme, Christoph"]
[Result "1/2-1/2"]
[WhiteElo "1940"]
[BlackElo "2129"]
[PlyCount "105"]
[EventDate "2023.03.04"]
[EventType "swiss"]
[EventRounds "9"]
[EventCountry "GER"]
[SourceTitle "CBM 213 Extra"]
[Source "ChessBase"]
[SourceDate "2023.05.31"]
[SourceVersion "1"]
[SourceVersionDate "2023.05.31"]
[SourceQuality "1"]

1. e4 c5 2. Nf3 Nf6 3. d3 d5 4. Nbd2 e6 5. g3 Be7 6. Bg2 Nc6 7. 0-0 0-0 8. Re1 b5 9. Nf1 Bb7 10. e5 Nd7 11. h4 Qc7 12. Bf4 Rfc8 13. h5 h6 14. Qd2 Bf8 15. g4 Nd4 16. N1h2 Nxf3+ 17. Nxf3 c4 18. c3 cxd3 19. g5 hxg5 20. Nxg5 Nc5 21. Re3 Ne4 22. Nxe4 dxe4 23. Rxe4 Bxe4 24. Bxe4 Rab8 25. Bxd3 Rd8 26. Qe3 Qc6 27. Kh2 Qc5 28. Bc2 Qxe3 29. Bxe3 a6 30. Rg1 Rd5 31. Bf4 b4 32. h6 g6 33. Kg3 bxc3 34. b3 Kh7 35. Be4 Ra5 36. Rd1 Bc5 37. Rd7 Rf8 38. a4 Ba3 39. Bg5 Rxe5 40. Kf4 Rc5 41. Be7 Bc1+ 42. Kf3 Rcc8 43. Bxf8 Rxf8 44. Ra7 Kxh6 45. Rxa6 f5 46. Bc2 e5 47. Rd6 e4+ 48. Ke2 Ba3 49. Rd4 Kg5 50. a5 Kf4 51. Ra4 Bc5 52. Rc4 Bd6 53. f3 1/2-1/2

[Event "Douglas IoM op"]
[Site "Douglas"]
[Date "2017.09.23"]
[Round "1"]
[White "Granda Zuniga, Julio E"]
[Black "Hopson, Kevin Mike"]
[Result "1-0"]
[WhiteElo "2653"]
[BlackElo "1929"]
[PlyCount "65"]
[EventDate "2017.09.23"]
[EventType "swiss"]
[EventRounds "9"]
[EventCountry "IOM"]
[SourceTitle "CBM 181"]
[Source "ChessBase"]
[SourceDate "2017.11.10"]
[SourceVersion "1"]
[SourceVersionDate "2017.11.10"]
[SourceQuality "1"]

1. f4 d5 2. Nf3 Nf6 3. b3 c5 4. e3 Nc6 5. Bb5 Bd7 6. Bb2 e6 7. 0-0 a6 8. Bxc6 Bxc6 9. Ne5 Qc7 10. d3 h5 11. Nd2 Nd7 12. Nxc6 Qxc6 13. Qe2 f6 14. c4 Be7 15. Rac1 h4 16. cxd5 Qxd5 17. h3 Qh5 18. Nf3 0-0 19. d4 Rac8 20. Rfd1 Nb6 21. e4 cxd4 22. Bxd4 Bc5 23. Bf2 Nd7 24. b4 Bxf2+ 25. Qxf2 Qb5 26. Qd2 Nb8 27. a3 Nc6 28. Qa2 Rce8 29. Rd6 Qb6+ 30. Rc5 Kf7 31. f5 Qc7 32. Rxe6 Rxe6 33. Qxe6# 1-0

[Event "GER-chT U20"]
[Site "Osnabrueck"]
[Date "2015.12.29"]
[Round "6.3"]
[White "Hopson, Kevin Mike"]
[Black "Kostre, Margarita"]
[Result "1-0"]
[WhiteElo "1999"]
[BlackElo "1784"]
[PlyCount "47"]
[EventDate "2015.12.27"]
[EventType "team-swiss"]
[EventRounds "7"]
[EventCountry "GER"]
[SourceTitle "EXT 2017"]
[Source "ChessBase"]
[SourceDate "2016.10.25"]
[SourceVersion "1"]
[SourceVersionDate "2016.10.25"]
[SourceQuality "1"]
[WhiteTeam "Kiel Doppelbauer"]
[BlackTeam "Spandau Zitadelle"]
[WhiteTeamCountry "GER"]
[BlackTeamCountry "GER"]

1. e4 e5 2. Nf3 Nc6 3. d4 exd4 4. Nxd4 Nf6 5. Nxc6 bxc6 6. Qe2 Qe7 7. Nc3 a5 8. f3 Ba6 9. Qe3 Bxf1 10. Rxf1 Qe5 11. f4 Qh5 12. Qg3 Be7 13. Qf3 Qxh2 14. Bd2 Qh5 15. Qd3 0-0 16. Ne2 Qb5 17. 0-0-0 Rfb8 18. Bc3 Qb6 19. Rh1 h6 20. Qg3 Kh8 21. Rxd7 Qc5 22. Bd4 Qc4 23. Rxe7 Qxe2 24. Bxf6 1-0

[Event "Hamburg St Pauli op-A"]
[Site "Hamburg"]
[Date "2013.07.06"]
[Round "1"]
[White "Amberger, Dieter"]
[Black "Hopson, Kevin Mike"]
[Result "1-0"]
[WhiteElo "2066"]
[BlackElo "1810"]
[PlyCount "39"]
[EventDate "2013.07.06"]
[EventType "swiss"]
[EventRounds "9"]
[EventCountry "GER"]
[SourceTitle "CBM 155 Extra"]
[Source "ChessBase"]
[SourceDate "2013.08.26"]
[SourceVersion "1"]
[SourceVersionDate "2013.08.26"]
[SourceQuality "1"]

1. d4 Nf6 2. c4 g6 3. Nc3 d5 4. Nf3 Bg7 5. Qb3 e6 6. cxd5 exd5 7. Bg5 c6 8. e3 Qb6 9. Bd3 Be6 10. 0-0 0-0 11. Qc2 Nbd7 12. Na4 Qc7 13. b4 Rfc8 14. Rfc1 Nb6 15. Nc5 Nfd7 16. Bf4 Qd8 17. Nxb7 Qe7 18. Bd6 Qe8 19. Bg3 Qe7 20. Nd6 1-0

[Event "Hamburg St Pauli op-B"]
[Site "Hamburg"]
[Date "2011.07.17"]
[Round "9"]
[White "Marquardt, Rolf"]
[Black "Hopson, Kevin Mike"]
[Result "0-1"]
[WhiteElo "1851"]
[BlackElo "1721"]
[PlyCount "94"]
[EventDate "2011.07.09"]
[EventType "swiss"]
[EventRounds "9"]
[EventCountry "GER"]
[SourceTitle "CBM 143 Extra"]
[Source "ChessBase"]
[SourceDate "2011.08.29"]
[SourceVersion "1"]
[SourceVersionDate "2011.08.29"]
[SourceQuality "1"]

1. d4 Nf6 2. Bf4 g6 3. e3 Bg7 4. Nf3 d6 5. h3 Nbd7 6. c3 0-0 7. Bc4 c5 8. 0-0 a6 9. a4 d5 10. Be2 b6 11. Nbd2 Bb7 12. Ne5 Nxe5 13. Bxe5 Nd7 14. Bxg7 Kxg7 15. Nf3 Re8 16. Qd2 Qc7 17. Rfd1 e6 18. Ra3 Bc6 19. Rda1 Reb8 20. b4 cxb4 21. cxb4 Qd6 22. Qb2 b5 23. axb5 Bxb5 24. Bxb5 Rxb5 25. Rb3 Rab8 26. Rb1 a5 27. Qa3 Rxb4 28. Rxb4 Rxb4 29. Rxb4 Qxb4 30. Qxb4 axb4 31. Nd2 Kf8 32. Kf1 Ke7 33. Ke2 Kd6 34. Kd3 Kc6 35. Kc2 Kb5 36. Kb3 Nb8 37. Nf3 f6 38. g4 Nc6 39. Nd2 Na5+ 40. Ka2 Ka4 41. h4 b3+ 42. Kb2 Nc4+ 43. Nxc4 dxc4 44. e4 Kb4 45. g5 c3+ 46. Ka1 fxg5 47. hxg5 Ka3 0-1

[Event "Hamburg St Pauli op-B"]
[Site "Hamburg"]
[Date "2011.07.15"]
[Round "8"]
[White "Lorsbach, Heinz"]
[Black "Hopson, Kevin Mike"]
[Result "0-1"]
[WhiteElo "1750"]
[BlackElo "1721"]
[PlyCount "142"]
[EventDate "2011.07.09"]
[EventType "swiss"]
[EventRounds "9"]
[EventCountry "GER"]
[SourceTitle "CBM 143 Extra"]
[Source "ChessBase"]
[SourceDate "2011.08.29"]
[SourceVersion "1"]
[SourceVersionDate "2011.08.29"]
[SourceQuality "1"]

1. Nf3 Nf6 2. d4 g6 3. c4 Bg7 4. Nc3 d5 5. cxd5 Nxd5 6. e4 Nxc3 7. bxc3 c5 8. Be3 Qa5 9. Qd2 cxd4 10. cxd4 Qxd2+ 11. Bxd2 Nc6 12. Bb5 Bd7 13. Bc3 a6 14. Ba4 Rc8 15. 0-0 b5 16. Bb3 0-0 17. h3 a5 18. a3 Rfd8 19. Rad1 b4 20. axb4 axb4 21. Bb2 Na5 22. Ba2 Rc2 23. Rd2 Rdc8 24. Bb1 R2c7 25. Bd3 Nc4 26. Re2 Nxb2 27. Rxb2 Rc3 28. Ba6 Ra8 29. Bb7 Raa3 30. Rxb4 Bxh3 31. Ng5 Bd7 32. e5 Bf5 33. Be4 Bh6 34. Rb8+ Kg7 35. Bxf5 Bxg5 36. Be4 Ra4 37. Rd8 f5 38. Bf3 Rd3 39. d5 Bf4 40. Rd7 Kf8 41. e6 Bd6 42. Rc1 Kg7 43. Re1 Ra8 44. Kf1 Rd2 45. g3 Kf6 46. Rb7 Ra3 47. Kg2 Raa2 48. Rf1 Bc5 49. d6 Bxd6 50. Rb5 Kxe6 51. g4 Kf6 52. gxf5 gxf5 53. Bd5 Rac2 54. Bg8 h6 55. Rb3 Bc5 56. Rf3 e6 57. Kg1 Rd4 58. Kg2 Rcc4 59. Re1 Rd6 60. Re2 h5 61. Rb3 Bb4 62. Rb1 Rg4+ 63. Kh2 Rxg8 64. Rxb4 e5 65. Ra4 Re6 66. f3 Rge8 67. Rh4 Kg5 68. Kh3 e4 69. fxe4 Rxe4 70. Rg2+ Rg4 71. Rhxg4+ hxg4+ 0-1

[Event "Hamburg St Pauli op-B"]
[Site "Hamburg"]
[Date "2011.07.11"]
[Round "3"]
[White "Hopson, Kevin Mike"]
[Black "Kastner, Hannes"]
[Result "0-1"]
[WhiteElo "1721"]
[BlackElo "1832"]
[PlyCount "96"]
[EventDate "2011.07.09"]
[EventType "swiss"]
[EventRounds "9"]
[EventCountry "GER"]
[SourceTitle "CBM 143 Extra"]
[Source "ChessBase"]
[SourceDate "2011.08.29"]
[SourceVersion "1"]
[SourceVersionDate "2011.08.29"]
[SourceQuality "1"]

1. e4 e6 2. d4 c5 3. Nf3 cxd4 4. Nxd4 Bc5 5. Nb3 Bb6 6. Nc3 Ne7 7. Bf4 d5 8. exd5 Nxd5 9. Nxd5 exd5 10. Bxb8 Qe7+ 11. Be2 Rxb8 12. Qxd5 0-0 13. Qf3 Re8 14. Kf1 Bf5 15. Bd3 Bxd3+ 16. cxd3 Rbc8 17. Qd1 Qf6 18. Qd2 Be3 19. Qe2 Bd4 20. Qf3 Qb6 21. Nxd4 Qxd4 22. Qd1 Qxb2 23. Rb1 Qxa2 24. Ra1 Qb2 25. Rb1 Qc2 26. g3 Qxd1+ 27. Rxd1 Rc2 28. Kg2 Ree2 29. Rhf1 Kf8 30. d4 Ke7 31. Ra1 a6 32. Rab1 b5 33. Ra1 Ra2 34. Rac1 Kd7 35. Kf3 b4 36. Rb1 a5 37. g4 Kd6 38. Rbc1 b3 39. Rc5 a4 40. Ra5 a3 41. Rxa3 Rxf2+ 42. Rxf2 Rxa3 43. Ke4 Ra7 44. Kd3 Rb7 45. Kc3 g6 46. Re2 f6 47. Rf2 Kd5 48. Re2 b2 0-1

[Event "Hamburg St Pauli op-B"]
[Site "Hamburg"]
[Date "2011.07.09"]
[Round "1"]
[White "Hopson, Kevin Mike"]
[Black "Frischmuth, Beate"]
[Result "1-0"]
[WhiteElo "1721"]
[BlackElo "1225"]
[PlyCount "109"]
[EventDate "2011.07.09"]
[EventType "swiss"]
[EventRounds "9"]
[EventCountry "GER"]
[SourceTitle "CBM 143 Extra"]
[Source "ChessBase"]
[SourceDate "2011.08.29"]
[SourceVersion "1"]
[SourceVersionDate "2011.08.29"]
[SourceQuality "1"]

1. e4 c5 2. Nf3 d6 3. d4 cxd4 4. Nxd4 Nf6 5. Nc3 g6 6. Bc4 Bg7 7. 0-0 0-0 8. Re1 Nc6 9. Nb3 a6 10. a4 Ne5 11. Be2 Qc7 12. Nd4 b6 13. f4 Ned7 14. Bf3 Bb7 15. Be3 Rac8 16. Rc1 e5 17. Nde2 Nc5 18. Ng3 Rfd8 19. Qe2 d5 20. fxe5 Nfxe4 21. Ngxe4 Nxe4 22. Bxe4 dxe4 23. Qf2 Rd7 24. Bxb6 Qxe5 25. Rcd1 Rxd1 26. Rxd1 Re8 27. Qe3 f5 28. g3 h6 29. Rd7 Bc8 30. Bd4 Bxd7 31. Bxe5 Rxe5 32. h4 Kh7 33. Ne2 Bxa4 34. b3 Bc6 35. Qb6 Be8 36. c4 e3 37. Qxa6 g5 38. hxg5 hxg5 39. b4 Bh5 40. c5 Bxe2 41. Qxe2 f4 42. gxf4 gxf4 43. Kg2 Rd5 44. Qc2+ Kh6 45. Qc4 Rd2+ 46. Kg1 Kg5 47. Qg8 Kf6 48. Qb8 Bh6 49. Qh8+ Kg6 50. Qe8+ Kg7 51. Qe5+ Kg6 52. c6 e2 53. c7 Rd1+ 54. Kf2 e1Q+ 55. Qxe1 1-0

[Event "Schleswig Holstein-ch U16"]
[Site "Neumuenster"]
[Date "2011.04.27"]
[Round "4.1"]
[White "Hopson, Kevin Mike"]
[Black "Polert, Annika"]
[Result "0-1"]
[WhiteElo "1741"]
[BlackElo "1718"]
[PlyCount "88"]
[EventDate "2011.04.25"]
[EventType "tourn"]
[EventRounds "9"]
[EventCountry "GER"]
[SourceTitle "EXT 2022"]
[Source "ChessBase"]
[SourceDate "2021.10.06"]
[SourceVersion "1"]
[SourceVersionDate "2021.10.06"]
[SourceQuality "1"]

1. e4 e5 2. Nf3 d6 3. d4 Nf6 4. Nc3 Nbd7 5. Bc4 Be7 6. h3 0-0 7. 0-0 c6 8. dxe5 dxe5 9. a3 Qc7 10. Qe2 Nc5 11. Bg5 Be6 12. Bxe6 Nxe6 13. Be3 Nc5 14. Nd2 Rfd8 15. f3 Rd7 16. Rfd1 Ne6 17. Nb3 Rad8 18. Qf2 b6 19. Rxd7 Nxd7 20. Ne2 Ndc5 21. Nxc5 Bxc5 22. Bxc5 Nxc5 23. Nc3 Ne6 24. Nd1 Qe7 25. Ne3 Qg5 26. Rd1 Rxd1+ 27. Nxd1 Qc1 28. Qe2 Nd4 29. Qd3 Qxc2 30. Nf2 Qxd3 31. Nxd3 f6 32. Kf2 Kf7 33. Ke3 Ke6 34. f4 c5 35. g3 Kd6 36. Kd2 c4 37. Nf2 Kc5 38. fxe5 Nf3+ 39. Kc3 Nxe5 40. Nd1 b5 41. Ne3 Nf3 42. h4 Nd4 43. g4 Ne2+ 44. Kd2 Ng3 0-1

[Event "Schleswig Holstein-ch U14 VM"]
[Site "Neumuenster"]
[Date "2008.03.26"]
[Round "4"]
[White "Hopson, Kevin Mike"]
[Black "Mandelkow, Robert"]
[Result "1-0"]
[WhiteElo "926"]
[BlackElo "744"]
[PlyCount "117"]
[EventDate "2008.03.24"]
[EventType "swiss"]
[EventRounds "9"]
[EventCountry "GER"]
[SourceTitle "EXT 2009"]
[Source "ChessBase"]
[SourceDate "2008.11.26"]
[SourceVersion "1"]
[SourceVersionDate "2008.11.26"]
[SourceQuality "1"]

1. e4 e5 2. Nf3 Nc6 3. Bc4 Bc5 4. d3 Nf6 5. Bg5 d6 6. Nc3 Bg4 7. h3 Bxf3 8. Qxf3 h6 9. Bxf6 Qxf6 10. Qxf6 gxf6 11. Nd5 0-0-0 12. Nxf6 Nd4 13. 0-0-0 b5 14. Bxf7 Rhf8 15. Ng4 Rxf7 16. Rd2 Rdf8 17. f3 Nb3+ 18. axb3 h5 19. Re2 hxg4 20. hxg4 Rd7 21. c4 c6 22. g5 a5 23. g6 Rg8 24. Rh6 Rdg7 25. Kc2 Rxg6 26. Rxg6 Rxg6 27. g4 Kd7 28. Rh2 Be3 29. Kd1 Ke6 30. Ke2 Bf4 31. Rh5 d5 32. exd5+ cxd5 33. cxb5 Kd7 34. Rf5 Rg7 35. d4 Re7 36. dxe5 Bxe5 37. Kd3 d4 38. f4 Bh8 39. b6 Kc6 40. Rxa5 Kxb6 41. Rh5 Re3+ 42. Kc4 d3 43. Rxh8 d2 44. Rd8 Re2 45. Kc3 Rg2 46. Rxd2 Rxg4 47. Rf2 Rg7 48. f5 Kc6 49. Kd4 Kd6 50. Ke4 Rg4+ 51. Rf4 Rg2 52. f6 Rg8 53. Kf5 Kd5 54. f7 Rf8 55. Kg6 Ke6 56. b4 Ke7 57. b5 Rb8 58. Kg7 Rf8 59. b6 1-0

[Event "Schleswig Holstein-ch U14 VM"]
[Site "Neumuenster"]
[Date "2008.03.25"]
[Round "3"]
[White "Wilms, Kira Katharina"]
[Black "Hopson, Kevin Mike"]
[Result "1/2-1/2"]
[WhiteElo "774"]
[BlackElo "926"]
[PlyCount "33"]
[EventDate "2008.03.24"]
[EventType "swiss"]
[EventRounds "9"]
[EventCountry "GER"]
[SourceTitle "EXT 2009"]
[Source "ChessBase"]
[SourceDate "2008.11.26"]
[SourceVersion "1"]
[SourceVersionDate "2008.11.26"]
[SourceQuality "1"]

1. c4 e5 2. Nc3 Nf6 3. g3 Nc6 4. Bg2 Bc5 5. Nf3 d6 6. 0-0 Bg4 7. a3 0-0 8. b4 Bb6 9. Bb2 Re8 10. d3 Nd4 11. a4 a6 12. b5 Nxf3+ 13. exf3 Be6 14. Ne4 axb5 15. axb5 Rxa1 16. Bxa1 d5 17. Nd2 1/2-1/2